Choose a ski jumper after his birthday - Statistics

General Stats
  • This quiz has been taken 303 times
  • The average score is 8 of 15
Answer Stats
Date of birthday Answer % Correct
25.05.1987 Kamil Stoch
95%
13.05.1993 Stefan Kraft
80%
16.01.1987 Piotr Zyla
78%
08.11.1996 Ryoyu Kobayashi
62%
20.09.1992 Peter Prevc
60%
25.06.1981 Simon Ammann
59%
11.02.1993 Karl Geiger
58%
28.08.1995 Andreas Wellinger
52%
26.04.2000 Timi Zajc
50%
04.07.1995 Johann Andre Forfang
47%
23.03.1990 Robert Johansson
42%
27.06.1998 Marius Lindvik
40%
05.03.1991 Michael Hayboeck
29%
14.08.1991 Richard Freitag
22%
22.10.1997 Ziga Jelar
17%
No matching quizzes found
Score Distribution
Percent of People with Each Score
Percentile by Number Answered
Your Score History
You have not taken this quiz